Correrías por el Muluya / (Record no. 161354)

MARC details
000 -LEADER
campo de control de longitud fija 01084nam a2200277 i 4500
001 - NÚMERO DE CONTROL
campo de control 161354
003 - IDENTIFICADOR DE NÚMERO DE CONTROL
campo de control ES-MaACL
005 - FECHA Y HORA DE LA ÚLTIMA TRANSACCIÓN
campo de control 20250814063247.0
008 - DATOS DE LONGITUD FIJA--INFORMACIÓN GENERAL
campo de control de longitud fija 010905q1911 sp b |r |||| 0 spa d
040 ## - FUENTE DE CATALOGACIÓN
Centro catalogador/agencia de origen CYL
Lengua de catalogación spa
Centro/agencia transcriptor CYL
080 ## - NÚMERO DE LA CLASIFICACIÓN DECIMAL UNIVERSAL
Número de la Clasificación Decimal Universal 94(647)"1909/1927"(092)
080 ## - NÚMERO DE LA CLASIFICACIÓN DECIMAL UNIVERSAL
Número de la Clasificación Decimal Universal 355.48(647)"1909/1927"(092)
100 1# - ENTRADA PRINCIPAL--NOMBRE DE PERSONA
Nombre de persona Parache, Antonio
Término indicativo de función/relación Autor
9 (RLIN) 130821
245 10 - MENCIÓN DEL TÍTULO
Título Correrías por el Muluya /
Mención de responsabilidad, etc. Capitán Parache
260 ## - PUBLICACIÓN, DISTRIBUCIÓN, ETC.
Lugar de publicación, distribución, etc. Valladolid :
Nombre del editor, distribuidor, etc. [s.n.,
Fecha de publicación, distribución, etc. 1911]
Fabricante (Tip. del Colegio Santiago)
300 ## - DESCRIPCIÓN FÍSICA
Extensión VIII, 85 páginas, [1] hoja plegada de mapa ;
Dimensiones 21 cm
530 ## - NOTA DISPONIBLE DE FORMULARIO FÍSICO ADICIONAL
Nota de formato físico adicional disponible Disponible en formato digital
596 ## - NOTA AL PIE DE IMPRENTA
NOTA AL PIE DE IMPRENTA Fecha de edición tomada de: Palau, 212010-1
650 #7 - PUNTO DE ACCESO ADICIONAL DE MATERIA--TÉRMINO DE MATERIA
Término de materia o nombre geográfico como elemento de entrada Conflicto hispano-marroquí, 1909-1927
Fuente del encabezamiento o término embne
9 (RLIN) 156658
651 #4 - PUNTO DE ACCESO ADICIONAL DE MATERIA--NOMBRE GEOGRÁFICO
Nombre geográfico Muluya (Río)
9 (RLIN) 241749
852 4# - LOCALIZACIÓN
Ubicación ES-MaACL
Ubicación en estantería Sala Valle Inclán
Número de control de estantería D-4881
Encuadernación Holandesa
856 4# - LOCALIZACIÓN Y ACCESO ELECTRÓNICOS
Identificador Uniforme de Recursos <a href="https://bibliotecavirtual.defensa.gob.es/BVMDefensa/es/consulta/registro.do?id=36450">https://bibliotecavirtual.defensa.gob.es/BVMDefensa/es/consulta/registro.do?id=36450</a>
Texto de enlace Versión en línea
Nota pública (Biblioteca Virtual de Defensa)
942 ## - ELEMENTOS DE ENTRADA SECUNDARIOS (KOHA)
Fuente del sistema de clasificación o colocación Clasificación decimal universal
Tipo de ítem Koha Libro impreso
Suprimir en OPAC No
Holdings
Estatus retirado Estado de pérdida Estado de daño No para préstamo Biblioteca de origen Biblioteca actual Ubicación en estantería Fecha de adquisición Fuente de adquisición Total de préstamos Signatura topográfica completa Código de barras Visto por última vez Precio de reemplazo Tipo de ítem Koha
        Biblioteca del Ateneo de Madrid Biblioteca del Ateneo de Madrid Sala Valle Inclán 17/01/2008     D-4881 901169008 23/02/2023 23/02/2023 Libro impreso